| 000 | 01268nam a2200205 4500 | ||
|---|---|---|---|
| 001 | 6411 | ||
| 005 | 20181127181518.0 | ||
| 020 | 0 | 0 | _a9781849539609 |
| 090 | 0 | 0 | _a920 S63s 2017 |
| 100 | 0 | 0 | _aSlade, Emma. |
| 245 | 0 | 0 |
_aSet free : _ba life - changing journey from banking to Buddhism in Bhutan / _cEmma Slade. _h |
| 260 | 0 | 0 |
_aChichester : _bSummersdale Pub., _c2017. |
| 300 | 0 | 0 | _a315 pages : map ; 22 cm |
| 505 |
_aContents: World map -- Invitation -- Part1 -- Buddha -- Part2 -- Dharma -- Part3 -- Sangha -- The bee that flew out of the jar -- Teachings for living everyday -- The opening your heart to Bhutan charity. _g _r _t |
||
| 520 | _aIn 1997, Emma Slade was taken hostage in a hotel room on a business trip to Jakarta. Over the ensuing months the trauma following the event took hold. Realising her view on life had profoundly changed she embarked upon a journey, discovering the healing power of yoga and, in Bhutan, opening her eyes to a kinder, more peaceful way of living. | ||
| 600 |
_aSlade, Emma -- Biography. _b _c _d _e _f _k _l _m _n _o _p _q _r _s _t _v _x _y _z _2 |
||
| 600 |
_aSlade, Emma -- Journeys. _b _c _d _e _f _k _l _m _n _o _p _q _r _s _t _v _x _y _z _2 |
||
| 650 | 0 | 0 |
_aLife change events. _x |
| 650 | 0 | 0 |
_aPost-traumatic stress disorder -- Patients -- Religious life. _x |
| 999 |
_c5402 _d5402 |
||